| 000 | 02055nam0a2200349 4500 | ||
|---|---|---|---|
| 001 | RU\NLR\BIBL_A\012046785 | ||
| 005 | 20190710133122.0 | ||
| 010 |
_a978-5-00097-881-8 _9500 |
||
| 021 |
_aRU _bКН-П-19-039982 _9КН-П-19-2932 |
||
| 035 | _a(NLR Aleph) 012046785 | ||
| 035 | _a(RuMoRGB)009996711 | ||
| 090 |
_a11629416 _c11629416 |
||
| 100 | _a20190626d2019 u y0rusy50 ca | ||
| 101 | 0 | _arus | |
| 102 | _aRU | ||
| 105 | _aa|||j|||000zy | ||
| 200 | 1 |
_aКомплексные мелиорации и рекультивация земель _eучебное пособие _e[для обучающихся по программе магистратуры по направлению подготовки "Природообустройство и водопользование"] _fС.А. Владимиров, Е.Ф. Чебанова _gМинистерство сельского хозяйства Российской Федерации, ФГБОУ ВО "Кубанский государственный аграрный университет имени И.Т. Трубилина" |
|
| 210 |
_aКраснодар _cКубГАУ _d2019 |
||
| 215 |
_a127 с. _cил., табл. _d20 |
||
| 320 | _aБиблиогр.: с. 122-125 (39 назв.) | ||
| 606 | 1 |
_aМелиорация комплексная _jУчебные издания для высших учебных заведений _91405690 _3RU\NLR\AUTH\66591924 |
|
| 606 | 1 |
_aРекультивация земель _jУчебные издания для высших учебных заведений _91135683 _3RU\NLR\AUTH\66132764 |
|
| 686 | 1 | _aП06я73 | |
| 686 | 1 | _aП065.82я73 | |
| 700 | 1 |
_7ca _8rus _aВладимиров _bС. А. _cканд. с.-х. наук _gСтанислав Алексеевич _972439 _3RU\NLR\AUTH\7789512 |
|
| 701 | 1 |
_aЧебанова _bЕ. В. _gЕлена Владимировна |
|
| 942 | _cBOOK | ||
| 980 | _aNBR | ||
| 980 | _aNB | ||